Doctor Who / (Record no. 269)

MARC details
000 -LEADER
fixed length control field 01531cam a22003374a 4500
001 - CONTROL NUMBER
control field 4291006
005 - DATE AND TIME OF LATEST TRANSACTION
control field 20200421093825.0
008 - FIXED-LENGTH DATA ELEMENTS--GENERAL INFORMATION
fixed length control field 081201s2009 miua b s001 0 eng
010 ## - LIBRARY OF CONGRESS CONTROL NUMBER
LC control number 2008051693
015 ## - NATIONAL BIBLIOGRAPHY NUMBER
National bibliography number GBA934322
Source bnb
016 7# - NATIONAL BIBLIOGRAPHIC AGENCY CONTROL NUMBER
Record control number 015104462
Source Uk
020 ## - INTERNATIONAL STANDARD BOOK NUMBER
International Standard Book Number 9780814333082 (pbk. : alk. paper)
020 ## - INTERNATIONAL STANDARD BOOK NUMBER
International Standard Book Number 0814333087 (pbk. : alk. paper)
035 ## - SYSTEM CONTROL NUMBER
System control number (OCoLC)ocn276930479
035 ## - SYSTEM CONTROL NUMBER
System control number (OCoLC)276930479
040 ## - CATALOGING SOURCE
Original cataloging agency DLC
Transcribing agency DLC
Modifying agency BTCTA
-- YDXCP
-- UKM
-- C#P
-- BWX
-- CDX
-- NLE
049 ## - LOCAL HOLDINGS (OCLC)
Holding library NLES
050 00 - LIBRARY OF CONGRESS CALL NUMBER
Classification number PN1992.77.D6273
Item number L43 2009
082 00 - DEWEY DECIMAL CLASSIFICATION NUMBER
Classification number 791.45/72
Edition information 22
100 1# - MAIN ENTRY--PERSONAL NAME
Personal name Leach, Jim.
9 (RLIN) 902
245 10 - TITLE STATEMENT
Title Doctor Who /
Statement of responsibility, etc. Jim Leach.
260 ## - PUBLICATION, DISTRIBUTION, ETC.
Place of publication, distribution, etc. Detroit :
Name of publisher, distributor, etc. Wayne State University Press,
Date of publication, distribution, etc. c2009.
300 ## - PHYSICAL DESCRIPTION
Extent viii, 112 p. :
Other physical details ill. ;
Dimensions 18 cm.
490 1# - SERIES STATEMENT
Series statement Contemporary approaches to film and television series. TV milestones
504 ## - BIBLIOGRAPHY, ETC. NOTE
Bibliography, etc. note Includes bibliographical references (p. 105-107) and index.
505 0# - FORMATTED CONTENTS NOTE
Formatted contents note Doctor Who at the BBC -- Who watched Who? an unearthly child -- The Dalek factor: the evil of the Daleks -- Doctor Who and the fantastic: the Daemons -- The formula for Doctor Who: city of death -- Talking about regeneration: the five doctors -- Time television: vengeance on Varos -- That was the future that was: the curse of Fenric -- The return of Doctor Who.
630 00 - SUBJECT ADDED ENTRY--UNIFORM TITLE
Uniform title Doctor Who (Television program : 1963-1989)
9 (RLIN) 903
630 00 - SUBJECT ADDED ENTRY--UNIFORM TITLE
Uniform title Doctor Who (Television program : 2005- )
830 #0 - SERIES ADDED ENTRY--UNIFORM TITLE
Uniform title Contemporary approaches to film and television series.
Name of part/section of a work TV milestones.
9 (RLIN) 905
942 ## - ADDED ENTRY ELEMENTS (KOHA)
Source of classification or shelving scheme Dewey Decimal Classification
Koha item type Books
Holdings
Withdrawn status Lost status Damaged status Not for loan Collection Home library Current library Shelving location Date acquired Barcode Date last seen Price effective from Koha item type
        Reference Centerville Centerville General stacks 09/04/2014 39999000011692 09/04/2014 09/04/2014 Books
        Reference Centerville Centerville General stacks 09/04/2014 39999000011715 09/04/2014 09/04/2014 Books
        Reference Fairview Fairview General stacks 09/04/2014 39999000011678 09/04/2014 09/04/2014 Books